00337 a2200121 450000100060000010000170000624500220002326000290004509000150007494200230008999900190011295200840013111937 aLipman, M.H. aPolitical science abBarnes & nobel booksc c9191d9191 aNUST-CAEcMc36035 c247010d247010 001040708NFICaCAEbCAEd2017-04-03l0pCAE49387r2017-04-05w2017-04-05yBK